Normal view
MARC view
- حزب الليكود -- الصهاينة -- النزاع العربي الاسرائيلي
Entry Topical Term
001 - CONTROL NUMBER
- control field: 41595
003 - CONTROL NUMBER IDENTIFIER
- control field: JO-AjAnu
005 - DATE AND TIME OF LATEST TRANSACTION
- control field: 20230606080916.0
008 - FIXED-LENGTH DATA ELEMENTS
- fixed length control field: 230606|| aca||aabn | a|a d
040 ## - CATALOGING SOURCE
- Original cataloging agency: JO-AjAnu
- Transcribing agency: JO-AjAnu
150 ## - HEADING--TOPICAL TERM
- Topical term or geographic name entry element: حزب الليكود -- الصهاينة -- النزاع العربي الاسرائيلي
670 ## - SOURCE DATA FOUND
- Source citation: Work cat.: (JO-AjAnu)21313: غوانمة ، نرمين يوسف , author 41594, حزب الليكود ودورة في السياسة الإسرائيلية